| 000 | 00447nab a2200145Ia 4500 | ||
|---|---|---|---|
| 003 | ES-SlBCS | ||
| 005 | 20210601132102.0 | ||
| 008 | 140529s2004 xxu||||| |||| 00| 0 ger d | ||
| 041 | _ager | ||
| 100 | 1 |
_aLugowski, Wlodzimierz _9191501 |
|
| 245 | 0 | 0 |
_aProtobiologie in der Krise? Zur Philosophie der Entstehung des Lebens _c Wlodzimierz Lugowski |
| 650 | 0 | 4 |
_aBiología _915909 |
| 773 | 0 |
_tParerga _gnº. 2, 2004, págs. 5-16 _wRev1522 |
|
| 942 | _cAR | ||
| 999 |
_c574047 _d574047 |
||